000 00535nam a22001697a 4500
003 0
005 20220818101414.0
008 220818b xxu||||| |||| 00| 0 eng d
020 _a978-1-108-93382-7
050 _aBD161
_b.H43 2021
245 _aDecoding theory of knowledge for the IB diploma : skills book
_cWendy Heydon; Susan Jesudason
250 _a2nd ed.
260 _aUnited Kindon
_bCambridge University Press
_cC2021
300 _aviii,258p
_c28cm.
_eIncludes index.
_fBook
500 _aTheory of knowledge.
942 _2lcc
_cBK
999 _c364797
_d364797